000 00881nas a2200289 4500
001 BR2012004493
003 BR-BrBNA
005 20231205120744.0
007 ta
008 230509b bl.|||p| |||| 00| 00por d
040 _aBR-BrBNA
_bpor
_cBiblioteca Nacional de Agricultura
041 _a(Pt)
072 _aQ03
100 1 _aCâmara, S.A.V.
100 1 _aZaleski, M.
100 1 _aOliveira, C.J.
245 1 _aAvaliação higiênicossanitária de linguiças frescais comercializadas em Campo Grande, MS
650 _aLINGUIÇA
650 _aCARNE TRATADA
650 _aCONSUMO
650 _aCONTAMINAÇÃO
650 _aHIGIENE DE ALIMENTO
650 _aSEGURANÇA ALIMENTAR
773 0 _tHigiene Alimentar (Brazil)
_xISSN 0101-9171
_g(Mar-Apr 2012), v. 26(206-207) p. 136-140
_wBR2012004493
909 _a202311
_bLúcia
_c55
_dLúcia Elande
942 _2AGRIS
_n0
_cANA
999 _c220149
_d220149